000 00321nam a22001457a 4500
999 _c257800
_d257799
003 OSt
005 20190925114746.0
008 190925b xxu||||| |||| 00| 0 eng d
022 _29781551119724
040 _cN/A
100 _aAndrew Bailey et al
245 _aFirst Philosophy
250 _a2nd ed
942 _2lcc
_cBK